000 00649cab a2200205 4500
001 WB3015-69
008 090401t1994 xxu||||| |||| 00| 0 eng d
035 _a(Sirsi) u30617
041 _aeng
245 _aPrivatisation delayed
260 _c1994
350 _a0
490 _aIndependent
_v22 April 1994, 6(1)
520 _aThe Gatwick Express is no longer set to be the first railway line to be sold to the private sector, as the schedule for privatisation has been put back to the end of 1995.
650 _aBRITISH RAIL
650 _aRAIL PRIVATISATION
690 _aTRANSPORT AND COMMUNICATIONS
942 _n0
948 _c04/03/1997
999 _c20638
_d20638